Terraria: Bosses - Statistics

General Stats
  • This quiz has been taken 230 times
    224 since last reset
  • The average score is 22 of 29
Answer Stats
Hint Boss % Correct
Jelly King Slime
100%
Pink Version of Above Queen Slime
96%
Found At The Dungeon Skeletron
91%
Mechanical Version Skeletron Prime
91%
Final Boss on PC Moon Lord
89%
Machanical Version The Destroyer
89%
BIG FISH!!! Duke Fishron
88%
Eye Eye of Cthulhu
88%
A Flower Plantera
88%
She Stings Queen Bee
88%
Mechanical Version The Twins
88%
A Worm Eater of Worlds
86%
An Ancient Robot Golem
85%
Smart Brain of Cthulhu
84%
HUGE Wall of Flesh
82%
Found At The Dungeon After Defeating The Above Lunatic Cultist
78%
Pillar #1 Solar
78%
Pillar #3 Nebula
76%
Pillar #4 Stardust
74%
Instakills in Daytime Empress of Light
73%
Pillar #2 Vortex
73%
Pumpkin Moon #2 Pumpking
68%
Frost moon #3 Ice Queen
63%
Pirate Invasion Flying Dutchman
58%
Final Boss on Console Ocram
58%
Pumpkin Moon #1 Mourning Wood
55%
Frost moon #1 Everscream
53%
Frost moon #2 Santa-NK1
51%
Martian Madness Martian Saucer
50%
No matching quizzes found
Score Distribution
Percent of People with Each Score
Percentile by Number Answered
Your Score History
You have not taken this quiz since the last reset